|
|
|
|
| LEADER |
01349nas a2200313 a 4500 |
| 001 |
000780396 |
| 003 |
CZ BrMZK |
| 005 |
20150126163529.0 |
| 007 |
ta |
| 008 |
050624u199uuuuuxr uu p 0 a0eng d |
| 020 |
|
|
|a 80-7231-007-0
|q (2005)
|
| 040 |
|
|
|a BOA001
|b cze
|
| 111 |
2 |
|
|a Sympozium o zbraňových systémech (konference)
|
| 245 |
1 |
0 |
|a Symposium on weapon systems :
|b Katedra zbraňových systémů
|
| 260 |
|
|
|a Brno :
|b Univerzita obrany,
|c [199-]-^^^^
|
| 300 |
|
|
|a ^^^sv. ;
|c 30 cm
|
| 310 |
|
|
|a Periodicita není známa
|
| 500 |
|
|
|a Jednotlivé svazky mají vlastní ISBN
|
| 500 |
|
|
|a Součástí názvu je označení pořadí sympozia. - Od r. 2007 na CD-ROMu
|
| 541 |
|
|
|c pv-r
|
| 541 |
|
|
|c pv-cdr
|
| 710 |
2 |
|
|a Univerzita obrany.
|b Katedra zbraňových systémů
|7 kn20050209005
|
| 910 |
|
|
|a BOA001
|b 4-1153.184
|b CDR-1184.810
|r 2005-08
|s 7-9
|
| 952 |
|
|
|a e-xr-jm
|
| 990 |
|
|
|a SE
|
| 991 |
|
|
|b 200506
|
| 996 |
6 |
|
|b 2610256426
|c 4-1153.184
|d 2005 7
|v 7
|y 2005
|l MZK
|r Sklad / do 1 hodiny
|n 0
|p p.v.
|w 000780396
|u 000010
|a 1
|e BOA001
|j MZK50
|s P
|
| 996 |
6 |
|
|b 2610336477
|c CDR-1184.810
|d 2007 8
|v 8
|y 2007
|l Stud. periodik/2.patro
|r Sklad / do 1 hodiny
|n 0
|p cdr-p.v.
|w 000780396
|u 000020
|a 1
|e BOA001
|j MZK50
|s P
|
| 996 |
3 |
|
|b 2610387216
|c CDR-1184.810
|d 2008 9
|v 9
|y 2008
|l Stud. periodik/2.patro
|r Sklad / do 1 hodiny
|n 0
|p cdr-p.v.
|w 000780396
|u 000030
|a 1
|e BOA001
|j MZK50
|s N
|